[Event "DEN-chT 2122 59th"]
[Site "Denmark"]
[Date "2022.01.29"]
[Round "5.8"]
[White "Salling, Torkild"]
[Black "Simkin, Mark"]
[Result "0-1"]
[WhiteElo "1736"]
[BlackElo "2096"]
[PlyCount "56"]
[EventDate "2021.10.30"]
[EventType "team-tourn"]
[EventRounds "9"]
[EventCountry "DEN"]
[SourceTitle "EXT 2024"]
[Source "ChessBase"]
[SourceDate "2023.10.10"]
[SourceVersion "1"]
[SourceVersionDate "2023.10.10"]
[SourceQuality "1"]
[WhiteTeam "Skanderborg Nordea"]
[BlackTeam "Copenhagen 68"]
[WhiteTeamCountry "DEN"]
[BlackTeamCountry "DEN"]

1. d4 d5 2. Nf3 c5 3. e3 Nf6 4. c4 e6 5. Nc3 a6 6. a3 dxc4 7. Bxc4 b5 8. Be2 b4 9. Na4 cxd4 10. Nxd4 e5 11. Nf3 Qxd1+ 12. Bxd1 Nbd7 13. 0-0 Bb7 14. axb4 Bxb4 15. b3 Ne4 16. Ba3 Bxa3 17. Rxa3 Ke7 18. Be2 f6 19. Rc1 Rhc8 20. Raa1 a5 21. Bb5 Rxc1+ 22. Rxc1 Rc8 23. Rxc8 Bxc8 24. Kf1 Ndc5 25. Nxc5 Nxc5 26. Bc4 Be6 27. Ke2 Nxb3 28. Kd3 e4+ 0-1